| 000 | 01473nam a2200421 i 4500 | ||
|---|---|---|---|
| 001 | 196378 | ||
| 003 | ES-MaACL | ||
| 005 | 20241012063114.0 | ||
| 007 | ta | ||
| 008 | 130301s2012 sp a | |||| 001 0 spa | ||
| 017 |
_aB 33788-2012 _bOficina Depósito Legal Barcelona |
||
| 020 | _a9788447376438 | ||
| 035 | _a(OCoLC)864113905 | ||
| 035 | _a(SpMaBN)a5324113 | ||
| 035 | _a991039770859708606 | ||
| 040 |
_aSpMaBN _bspa _cSpMaBN _erdc _dES-MaACL |
||
| 080 | _a929 Faraday, Michael | ||
| 080 | _a53 Faraday, Michael | ||
| 080 | _a537.8 | ||
| 100 | 1 |
_aParra Castillo, Sergio, _d1978- _9171235 |
|
| 245 | 1 | 0 |
_aFaraday, la inducción electromagnética : _bciencia de alta tensión / _c[Sergio Parra Castillo]. |
| 260 |
_a[Barcelona] : _bRBA, _cD.L. 2012. |
||
| 300 |
_a157 p. ; _c24 cm |
||
| 336 |
_aTexto (visual) _2isbdcontent |
||
| 337 |
_asin mediación _2isbdmedia |
||
| 338 |
_2rdacarrier _avolumen |
||
| 490 | 1 | _aGrandes ideas de la ciencia | |
| 500 | _aÍndice | ||
| 600 | 0 | 4 |
_aFaraday, Michael _2embne _948821 |
| 650 | 4 |
_aElectromagnetismo _2embne _912161 |
|
| 830 |
_9238658 _aGrandes ideas de la ciencia |
||
| 852 |
_aES-MaACL _cDEPO1 _hDonación: José Manuel Duarte Cendán _9204076 _jA-15417 |
||
| 903 |
_9238529 _aDuarte Cendán, José Manuel _q1 _ednr |
||
| 942 |
_n0 _cMONOGRAFIA |
||
| 999 |
_c196378 _d196378 |
||